Diósd város Európai Uniós pályázati tevékenysége

Bibliográfiai részletek
Szerző: Nánási Kristóf Zoltán
További közreműködők: Almássy Eszter
Dokumentumtípus: Záródolgozat
Kulcsszavak:Diósd
Településfejlesztés
Program, Európa a polgárokért
Projekt, elemzés
Online Access:http://dolgozattar.uni-bge.hu/59371

MARC

LEADER 00000nta a2200000 i 4500
001 dolg59371
005 20260113163752.0
008 260113suuuu hu o 000 hun d
040 |a BGE Dolgozattár Repozitórium  |b hun 
041 |a hu 
100 1 |a Nánási Kristóf Zoltán 
245 1 0 |a Diósd város Európai Uniós pályázati tevékenysége  |c Nánási Kristóf Zoltán  |h [elektronikus dokumentum] 
516 |a Final_paper 
695 |a Diósd 
695 |a Településfejlesztés 
695 |a Program, Európa a polgárokért 
695 |a Projekt, elemzés 
700 1 |a Almássy Eszter  |e ths 
856 4 0 |u http://dolgozattar.uni-bge.hu/59371/1/Nanasi_Kristof-Zoltan.pdf  |z Dokumentum-elérés